000 00323nam a22001457a 4500
008 230906b ||||| |||| 00| 0 eng d
020 _a9780872202061
041 _aeng
080 _a101
082 _a101PRO
100 _a44
101 _aFILOZ
245 _aHACKETT READING IN PHILOSOPHY
_cPROUST .M
942 _2udc
_cBK
999 _c60256
_d60256